000 00799cam a2200241 a 4500
020 _a0764561251
040 _cDLC
082 0 0 _a808 IDG 2000 A093 Or.
100 1 _aSorenson, Sharon.
245 0 0 _aWebster's New World student writing handbook /
246 3 0 _aStudent writing handbook
250 _a4th ed.
260 _aFoster City, CA :
_bIDG Books Worldwide,
_cc2000.
300 _ax, 588 p. :
_bill. ;
_c24 cm.
500 _a"A Webster's New World book"--T.p. verso.
500 _aIncludes index.
650 0 _aEnglish language
650 0 _aReport writing
856 4 2 _uhttp://www.loc.gov/catdir/bios/wiley045/00042644.html
856 4 2 _uhttp://www.loc.gov/catdir/description/wiley039/00042644.html
856 4 1 _uhttp://www.loc.gov/catdir/toc/wiley021/00042644.html
942 _cEK
999 _c12822
_d12822